1762 1394 1515 1313 1405 1748 1770 1702 1082 1400 1575 1159 1451 1965 1885 1608 1878 1116 1121 1184 1783 1207 1795 1870 1015 1235 1828 1546 1235 1255 1048 1767 1864 1318 1311 1512 1434 1648 1629 1104 1788 1234 1735 1895 1291 1090 1012 1265 1740 1862 1085 1146 1092 1748 1311 1365 1192 1715 1379 1898 1759 1009 1846 1647 1858 1637 1882 1462 1576 1695 1061 1987 1659 1181 1310 1709 1067 1840 1993 1499 1996 1793 1918 1851 1463 1381 1605 1779 1067 1302 1038 1446 1729 1019 1774 1571 1654 1645 1618 BCNSPRNW ULIB Ver.6.0+V

เปลี่ยนเป็นภาษาไทย

Change to English
 แสดงรายละเอียดบรรณานุกรม
  กลับหน้าหลัก

Brief Record : Get Marc (ISO 2709) : E-mail record : QR code < ปิดหน้าต่าง
LEADER : 00000nam 2200000uu 4500
001    13399114310
003     ULIB
008    120321s2553||||th 000 0 tha d
020    ^a9786167057224
090    ^aนว.^bอ585บ 2553
100 0  ^aอาฬาดา
245 00 ^aบอดี้การ์ด..ที่รัก/^cอาฬาดา
250    ^aพิมพ์ครั้งที่ 1
260    ^aกรุงเทพฯ :^bSimply book,^c2553
300    ^a288 หน้า
710 1  ^aSimply book
945    ^p200^l0^i17077
995    ^aกัณชพร
999    ^aใช้งานได้ทุกระบบ
รายการนี้ยังไม่มีแท็ก
คุณยังไม่ได้ล็อกอิน คุณสามารถมีกิจกรรมร่วมกับเว็บไซต์ได้ แต่ต้องล็อกอินก่อน ::
  ล็อกอิน

รายการสื่อสารสนเทศ

ลำดับที่ ประเภท เลขเรียก/บาร์โค้ด สถานที่ สถานะ
1. วิทยาศาสตร์การแพทย์ และสุขภาพ
วิทยาศาสตร์การแพทย์ และสุขภาพ
นว. อ585บ 2553  
  Barcode: 17077
ห้องสมุดวิทยาเขตสวรรค์ประชารักษ์
►นวนิยาย
บนชั้น
  ขอยืม

BibComment


ยังไม่เคยถูกคอมเมนท์

คอมเมนท์ทรัพยากรรายการนี้
  คอมเมนท์: บอดี้การ์ดที่รัก..


 Copyright 2026. Bcnsprnw @Library